Aproximación metodológica para la delimitación de ecosistemas de enclaves secos : (Registro nro. 5794)

Detalles MARC
000 -CABECERA
Campo de control 00682nam a2200205 a 4500
005 - FECHA Y HORA DE LA ULTIMA TRANSACCION
Campo de control 20180920115650.0
008 - ELEMENTOS DE LONGITUD FIJA—INFORMACION GENERAL
Campo de control 130815b2006 ck ||||| |||| 00| 0 spa d
020 ## - ISBN
ISBN 9789588151823
040 ## - FUENTE DE CATALOGACIÓN
Agencia catalogadora original CO-BoIAVH
Agencia transcriptora CO-BoIAVH
041 ## - IDIOMA
Código de idioma para texto/pista de sonido o título separado Español
044 ## - PAÍS DE PUBLICACIÓN
País de publicación Colombia
090 ## - CLASIFICACIÓN LOCAL
Colección IAVH
Consecutivo 00718
100 ## - ASIENTO PRINCIPAL--NOMBRE PERSONAL
Nombre personal Cabrera M., Edersson
245 ## - MENCION DE TITULO
Título Aproximación metodológica para la delimitación de ecosistemas de enclaves secos :
Parte restante del título Caso piloto. Cañones del río Dagua y del río Tuluá. Villa del Cauca - Colombia
260 ## - PUBLICACION, DISTRIBUCION, ETC. (PIE DE IMPRENTA)
Lugar de publicación, distribución, etc. Bogotá
Nombre del editor, distribuidor, etc. Instituto Alexander von Humboldt
Fecha de publicación, distribución, etc. 2006
300 ## - DESCRIPCION FISICA
Extensión 48 p.
700 ## - ASIENTO SECUNDARIO - NOMBRE PERSONAL
Nombre personal Galindo G., Gustavo
942 ## - ELEMENTOS ADICIONALES (KOHA)
Tipo de ítem Libro
Sistema de clasificación Dewey Decimal Classification
Koha issues (borrowed), all copies 2
945 ## - PROCESAMIENTO LOCAL
AAAA-MM-DD - Fecha de ingreso o modificacion 2007-09-04
Existencias
Withdrawn status Lost status Sistema de Clasificación Damaged status No para préstamo Colección Ubicación Permanente Ubicación actual Fecha de adquisición Total Checkouts Número topográfico Inventario / Código de Barras Date last seen Ejemplar Price effective from Forma de adquisición Tipo de material Inventariado Fuente de Valor Valor Date checked out
    Dewey Decimal Classification     Humboldt Bogotá Bogotá 04/09/2007 2 IAVH-577.54 C117a 025160 05/06/2015 Ej. 1 04/12/2012 Institucional Libro Inventariado 2017 Instituto 30000.00 05/06/2015
    Dewey Decimal Classification     Humboldt Bogotá Bogotá 04/09/2007   IAVH-577.54 C117a 025159 22/08/2013 Ej. 2 04/12/2012 Institucional Libro Inventariado 2017 Instituto 30000.00  
    Dewey Decimal Classification     Humboldt Bogotá Bogotá 15/08/2013   IAVH-577.54 C117a 058368 15/08/2013 Ej. 3 15/08/2013 Institucional Libro Inventariado 2017 Instituto 30000.00  
    Dewey Decimal Classification     Humboldt Sala Fabio Quevedo Sala Fabio Quevedo 18/07/2014   IAVH-577.54 C117a 025161 04/12/2012 Ej. 4 04/12/2012 Institucional Libro Inventariado 2017 Instituto 30000.00  
    Dewey Decimal Classification     Referencia Villa de Leyva Villa de Leyva 04/09/2007   IAVH-00718 025162 28/06/2013 Ej. 1 04/12/2012   Libro